000 00336nam a2200133Ia 4500
005 20260328104250.0
008 260328s9999||||xx |||||||||||||| ||und||
100 _aHenley, Simon
245 4 _aThe Architecture of parking /
_cSimon Henley
260 _bThames & Hudson
300 _a256 p.
650 _aARQUITECTURA CIVIL
942 _cBK
999 _c10205
_d10205